Manual de la contitución argentina /
Guardado en:
| Autor Principal: | |
|---|---|
| Formato: | Libro |
| Publicado: |
Buenos Aires :
Estrada
|
| Materias: | |
| Etiquetas: |
Agregar Etiqueta
Sin Etiquetas, Sea el primero en etiquetar este registro!
|
| LEADER | 00862nam a22002655a 4500 | ||
|---|---|---|---|
| 001 | CEM.cems012623 | ||
| 005 | 20070823181602.0 | ||
| 008 | 130507b######################000#0#####d | ||
| 003 | CEMS | ||
| 082 | 0 | 4 | |a 342.8202 |
| 100 | 1 | |a Gonzalez, Joaquín V. | |
| 245 | 1 | 0 | |a Manual de la contitución argentina / |c Joaquín V. Gonzalez |
| 260 | |a Buenos Aires : |b Estrada | ||
| 300 | |a 793 p. | ||
| 500 | |a Concordado con las obras completas del autor, edición ordenada por el Congreso de la Nación Argentina | ||
| 653 | |a Argentina-constitución | ||
| 653 | |a Drechos civiles | ||
| 653 | |a Derecho electoral | ||
| 653 | |a Derecho constitucional | ||
| 653 | |a Derechos políticos | ||
| 653 | |a Derecho federal | ||
| 653 | |a Poder judicial | ||
| 653 | |a Poder ejecutivo | ||
| 653 | |a Poder legislativo | ||
| 859 | |a CEMS |b BIB. CEMS - 11 de abril |h 342.8202 |i G589 |p 23954.07 |t Ej.1 | ||
